000 01564nam a22004097a 4500
003 CHAP
005 20220329142019.0
008 990119d1998 mx r 00110 spa d
010 _a77071
011 _a78043
035 _a87850
040 _cCHAP
090 _aTesis
100 0 0 _aJuárez Varela, Veneranda Xóchitl.
_962497
245 1 0 _aEstructura socioeconómica y diversidad agrícola en un poblado de la Sierra Norte de Puebla
_c/por Veneranda Xóchitl Juárez Varela
260 _aChapingo, Méx. :
_bEl autor,
_c1998.
300 _a123 H. :
_bgráfs. ; mapas ; cuadros
502 _aTesis (M.C. en Desarrollo Rural Regional) -- UACH. Dirección de Centros Regionales Universitarios
590 _aALEPH
_b10
_c20130110
_lUCH01
_h1427
590 _aBATCH-UPD
_b10
_c20130109
_lUCH01
_h2339
590 _aBATCH-UPD
_b10
_c20130110
_lUCH01
_h0537
590 _aBATCH-UPD
_b10
_c20130110
_lUCH01
_h2254
590 _aBATCH-UPD
_b10
_c20130409
_lUCH01
_h1907
590 _aBATCH-UPD
_b10
_c20130410
_lUCH01
_h0217
590 _aBATCH-UPD
_b10
_c20130914
_lUCH01
_h0811
590 _aCONVERSION
_b10
_c20130109
_lUCH01
_h1342
650 1 4 _aCafé
_zPuebla.
_917214
650 1 4 _aEntorno económico.
_937161
650 1 4 _aPuebla
_xCondiciones económicas.
_992870
650 1 4 _aPuebla
_xCondiciones sociales.
_992872
901 _aBK
905 _aGuadalupe Pinto C.
942 _cFOLL
949 _bBC
_cTES
_d33724000714002
_eTS2
_fc.2
_h33647
_i87850
_sb
949 _bBC
_cTES
_d33724000761813
_eTS2
_fc.3
_h35827
_i87850
_si
949 _bBC
_cTES
_d878501
_eTS1
_h33646
_i87850
_sb
999 _c77071
_d77071